| 000 | 00368nam a2200145Ia 4500 | ||
|---|---|---|---|
| 008 | 230917s9999||||xx |||||||||||||| ||und|| | ||
| 040 |
_e100881 _aMAIN |
||
| 041 | _aEnglish | ||
| 082 | _a616.890082 D271M | ||
| 100 | _aDavar, Bhargavi V | ||
| 245 | 0 | _aMental death of Indian women | |
| 260 |
_aNew Delhi _bSage Publications _c1999 |
||
| 300 | _a281 p. | ||
| 942 | _cBK | ||
| 999 |
_c116453 _d116453 |
||